| 000 | 00000cas 2200000zi 4500 |
| 001 | 9.803847 |
| 003 | CaOODSP |
| 005 | 20260130155606 |
| 006 | m o d f |
| 007 | cr ||||||||||| |
| 008 | 150930c20059999sncqr p o f000#a0fre|d |
| 022 | |a2293-5010 |
| 040 | |aCaOODSP|bfre|erda|cCaOODSP |
| 043 | |an-cn--- |
| 086 | 1 |aCC212-1F-PDF |
| 130 | 0 |aJournal AgriSuccès (Canada : En ligne). |
| 222 | 3|aLe journal AgriSuccès |b(Canada. En ligne). |
| 245 | 13|aLe journal AgriSuccès. |
| 246 | 13|aAgriSuccès|f2010- |
| 264 | 1|a[Regina] : |bFinancement agricole Canada, |c[2009]- |
| 310 | |aTrimestriel, |b2017- |
| 321 | |aBimensuel, |b2009-2016 |
| 336 | |atexte|btxt|2rdacontent/fre |
| 337 | |ainformatique|bc|2rdamedia/fre |
| 338 | |aressource en ligne|bcr|2rdacarrier/fre |
| 362 | 1 |aParaît depuis novembre/décembre 2009. |
| 500 | |aPublié aussi en anglais sous le titre : AgriSuccess journal. |
| 588 | |aDescription d'après : novembre/décembre 2009. |
| 588 | |aDernière livraison consultée : janvier 2020. |
| 650 | 6|aExploitations agricoles|xGestion|zCanada|vPériodiques. |
| 655 | 7|aPériodiques|2rvmgf |
| 710 | 2 |aFinancement agricole Canada. |
| 775 | 08|tAgriSuccess journal.|w(CaOODSP)9.803845 |